Tegnap járt le
Elmentve itt :
| Dokumentumtípus: | Cikk |
|---|---|
| Megjelent: |
1941-02-02
|
| Sorozat: | Délmagyarország
17 No. 27 |
| Kulcsszavak: | Szent-Györgyi Albert, Diákinduló pályázat 1941 |
| Online Access: | http://dmarchiv.bibl.u-szeged.hu/33571 |
| LEADER | 00421nab a2200145 i 4500 | ||
|---|---|---|---|
| 001 | delm33571 | ||
| 005 | 20180927105614.0 | ||
| 008 | 180927s1941 hu o 0|| hun d | ||
| 040 | |a SZTE Délmagyarország Archívum |b hun | ||
| 041 | |a hun | ||
| 245 | 0 | 0 | |a Tegnap járt le |h [elektronikus dokumentum] |
| 260 | |c 1941-02-02 | ||
| 300 | |a 6 | ||
| 490 | 0 | |a Délmagyarország |v 17 No. 27 | |
| 695 | |a Szent-Györgyi Albert, Diákinduló pályázat 1941 | ||